Sports Quiz

Random Sports or NCAA Quiz
Score 0/20 Timer 07:00
12 Plays Today
Hint Answer % Correct
StateOregon
98.8%
Team ColorGreen
94.1%
Team ColorYellow
92.9%
NicknameDucks
90.2%
ConferencePac-12
82.3%
CityEugene
78.7%
Primary RivalOregon State
78.2%
Primary RivalWashington
74.1%
Famous Alum: QB ____ FoutsDan
73.9%
No. of Women's Varsity Sports11
69.2%
Hint Answer % Correct
No. of Men's Varsity Sports7
66.4%
Sport w/ most NCAA ChampionshipsMen's Outdoor Track & Field/Women's Indoor Track & Field (7)
48.2%
Football StadiumAutzen Stadium
38.6%
Famous Alum: T&F Steve ____Prefontaine
34.5%
Famous Alum: CB ____ RenfroMel
25.3%
Basketball ArenaMatthew Knight Arena
14.1%
MascotThe Oregon Duck
10.4%
Fight SongMighty Oregon
9.9%
Baseball ArenaPK Park
8.2%
Athletic DirectorRob Mullens
8.2%
Come Together.
Have Fun.
All Virtual.
We all need to come together. Play Sporcle's virtual live trivia to have fun, connect with people, and get your trivia on. Join a live hosted trivia game for your favorite pub trivia experience done virtually. If a virtual private party is more your thing, go here for details.

You're not logged in!

Compare scores with friends on all Sporcle quizzes.
OR
Log In

Sporcle TV

Today on Sporcle TV


Watch our educational content, quiz creation guides, and fun videos on Sporcle TV.

Show Comments

Extras

Top Quizzes Today


Score Distribution

Paid Content

Your Account Isn't Verified!

In order to create a playlist on Sporcle, you need to verify the email address you used during registration. Go to your Sporcle Settings to finish the process.

Report this User

Report this user for behavior that violates our Community Guidelines.

Details: